Aká hrozba je strašenie krízou

Naozajstné riziko pre exportérov môžu okrem prílišného podľahnutia obavám priniesť najmä zlé rozhodnutia - napríklad ak by sa namiesto inovácií investovalo do finančného inžinierstva. Globálny biznis a export musí rátať aj s množstvom neistých premenných, tie vychádzajú najmä z nepredvídateľnej ekon...

Descripción completa

Guardado en:
Detalles Bibliográficos
Autor principal: Rifaiová, Daniela
Formato: Capítulo de libro
Lenguaje:eslovaco
Materias:
Etiquetas: Agregar Etiqueta
Sin Etiquetas, Sea el primero en etiquetar este registro!

MARC

LEADER 00000naa a2200000 4500
001 0262201
005 20200206082056.5
041 0 |a slo 
044 |a SK 
245 1 0 |a Aká hrozba je strašenie krízou  |c Daniela Rifaiová 
520 |a Naozajstné riziko pre exportérov môžu okrem prílišného podľahnutia obavám priniesť najmä zlé rozhodnutia - napríklad ak by sa namiesto inovácií investovalo do finančného inžinierstva. Globálny biznis a export musí rátať aj s množstvom neistých premenných, tie vychádzajú najmä z nepredvídateľnej ekonomiky. Hrozba strachu. Vládne vplyvy aj na financie. Krízam sa venuje viacero manažérskych disciplín, no vnímanie fatálnosti hrozieb sa rôzni. Obavy z neradostného vývoja. 
610 2 0 |a vývoj hospodársky 
610 2 0 |a obchod 
610 2 0 |a priemysel 
610 2 0 |a podnik 
610 2 0 |a kríza 
610 2 0 |a financie podnikové 
610 2 0 |a investície 
610 2 0 |a financie 
610 2 0 |a globalizácia 
610 2 0 |a zadlženosť 
100 1 |a Rifaiová, Daniela